Visiones de Guadalajara : en homenaje a Jorge Dipp /

Uloženo v:
Podrobná bibliografie
Hlavní autor: Calvo, Thomas (autor)
Další autoři: Connaughton Hanley, Brian Francis (autor) (autor), Jiménez Pelayo, Agueda (autor) (autor), Murià, José María (presentación) (presentación), Varela, Enrique (presentación) (presentación)
Médium: Kniha
Jazyk:španělština
Vydáno: Guadalajara, México : El Colegio de Jalisco, 1996, c1996
Tagy: Přidat tag
Žádné tagy, Buďte první, kdo vytvoří štítek k tomuto záznamu!

MARC

LEADER 00000nam^a2200000^a^4500
001 000563603
005 20250521000000.0
009 20260310132008.525
020 |a 968-6142-63-0 
037 |a Acervo ITESO - Biblioteca 
041 |a ESP 
091 |a FGM. 02090 
100 |a Calvo, Thomas  |e (autor) 
245 1 0 |a Visiones de Guadalajara :  |b en homenaje a Jorge Dipp / 
264 4 |a Guadalajara, México :  |b El Colegio de Jalisco,  |c 1996, c1996 
300 |a 62 p. 
336 |a texto  |b txt  |2 rdacontenido 
337 |a sin mediación  |b n  |2 rdamedio 
338 |a volumen  |b nc  |2 rdasoporte 
649 |a XX 
700 |a Connaughton Hanley, Brian Francis  |e (autor) 
700 |a Jiménez Pelayo, Agueda  |e (autor) 
700 |a Murià, José María  |e (presentación) 
700 |a Varela, Enrique  |e (presentación) 
910 |a Fondo Efraín González Morfín 
920 |a Impresos - Libros 
930 |a Fondos Especiales 
905 |a 130 
901 |a 0500393899  |b IT2  |c ESL  |i D88517  |u 20250521 
902 |a https://opac.biblio.iteso.mx/vufind/Record/000563603